000 00594nam a2200193Ia 4500
005 20250808130518.0
008 008 250516s9999 xx 000 0 hin d
020 _a9789350001219
040 _beng
_cSDCL
041 _ahin
_2hin
084 _aO152,6N122:g Q2
100 _aSharma, Ramvilas
_9391843
245 0 _aBharatiya Sahitya Ke Itihas Ki Samsyayen
246 _aभारतीय साहित्य के इतिहास की समस्याएं
260 _aNew Delhi:
_bVani Prakashan,
_c2019.
300 _a145p.
650 _aHindi
942 _cTEXL
_2CC
999 _c1430454
_d1430454